Tour de France 2024 - meilleur coureur par équipe - Statistiques

Statistiques générales
  • Ce quiz a été pris 304 fois
  • Le résultat moyen est 16 sur 22
Statistiques - réponses
Équipe Coureur Place % Correct
Team Visma | Lease a bike Jonas Vingegaard 2
100%
UAE Team Emirates Tadej Pogačar 1
100%
Soudal Quick-Step Remco Evenepoel 3
93%
Ineos Grenadiers Carlos Rodriguez 7
86%
Cofidis Guillaume Martin 13
86%
Team dsm-firmenich PostNL Romain Bardet 30
86%
Arkéa-B&B Hotels Cristian Rodriguez 36
85%
EF Education-EasyPost Richard Carapaz 17
85%
Team Jayco AlUla Simon Yates 12
85%
Decathlon AG2R La Mondiale Team Felix Gall 14
82%
Lidl-Trek Giulio Ciccone 11
80%
Movistar Team Enric Mas 19
77%
Alpecin-Deceuninck Mathieu Van Der Poel 96
73%
Israel - Premier Tech Derek Gee 9
71%
Red Bull - Bora - Hansgrohe Jai Hindley 18
71%
Groupama-FDJ Valentin Madouas 25
70%
Bahrain Victorious Santiago Buitrago 10
66%
TotalEnergies Steff Cras 16
61%
Intermarché-Wanty Louis Meintjes 20
56%
Lotto-Dstny Victor Campenaerts 81
49%
Astana Qazaqstan Team Harold Tejada 74
27%
Uno-X-Mobility Odd Christian Eiking 34
11%
Aucun quiz correspondant
Distribution des résultats
% des personnes avec chaque résultat
Percentile par nombre de réponses
Votre historique - résultats
Vous n’avez pas pris ce quiz